[Event "Mecklenburg VP-ch U16"]
[Site "Malchow"]
[Date "2014.02.02"]
[Round "3"]
[White "Gazizov, Erik"]
[Black "Rockstroh, Steven"]
[Result "0-1"]
[WhiteElo "782"]
[BlackElo "1184"]
[PlyCount "84"]
[EventDate "2014.02.01"]
[EventType "swiss"]
[EventRounds "7"]
[EventCountry "GER"]
[SourceTitle "EXT 2017"]
[Source "ChessBase"]
[SourceDate "2016.10.25"]
[SourceVersion "1"]
[SourceVersionDate "2016.10.25"]
[SourceQuality "1"]

1. d4 d5 2. e3 Nf6 3. f4 Bf5 4. Nf3 Nc6 5. Ne5 Nxe5 6. fxe5 Ne4 7. Bd3 e6 8. 0-0 Qg5 9. Bxe4 dxe4 10. a3 Be7 11. Nc3 Qg6 12. Nb5 Kd8 13. g3 Bh4 14. Qe1 Bh3 15. Rf4 Bg5 16. Rf2 f6 17. b3 a6 18. Nc3 Ke7 19. Bb2 Rhf8 20. a4 Rf7 21. Ne2 Bxe3 22. Nf4 Bxf2+ 23. Qxf2 Qg4 24. Nxh3 Qxh3 25. Rf1 Qh5 26. Ba3+ Kd7 27. c3 Rg8 28. c4 f5 29. Qd2 Kc8 30. d5 exd5 31. Qxd5 Rd8 32. Qe6+ Kb8 33. Kg2 Rd2+ 34. Rf2 Rxf2+ 35. Kxf2 f4 36. Qe8+ Ka7 37. Kg1 fxg3 38. Kh1 Qd1+ 39. Kg2 Qf3+ 40. Kh3 g2+ 41. Kh4 g1Q 42. e6 Qgg4# 0-1

[Event "Mecklenburg VP-ch U16"]
[Site "Malchow"]
[Date "2014.02.01"]
[Round "1"]
[White "Bardosch, Karl"]
[Black "Rockstroh, Steven"]
[Result "1-0"]
[WhiteElo "1614"]
[BlackElo "1184"]
[PlyCount "37"]
[EventDate "2014.02.01"]
[EventType "swiss"]
[EventRounds "7"]
[EventCountry "GER"]
[SourceTitle "EXT 2017"]
[Source "ChessBase"]
[SourceDate "2016.10.25"]
[SourceVersion "1"]
[SourceVersionDate "2016.10.25"]
[SourceQuality "1"]

1. e4 e5 2. Nc3 Nf6 3. f4 exf4 4. e5 Ng8 5. Nf3 Nc6 6. d4 d6 7. Bxf4 dxe5 8. Bxe5 Bg4 9. Bb5 f6 10. Bg3 Qe7+ 11. Kf2 0-0-0 12. Bxc6 bxc6 13. Qd3 Qb4 14. Qa6+ Qb7 15. Qc4 Bxf3 16. gxf3 Qb6 17. Ne2 Nh6 18. Rhd1 Nf5 19. Qe6+ 1-0

[Event "Mecklenburg VP-ch U16"]
[Site "Malchow"]
[Date "2014.02.01"]
[Round "2"]
[White "Rockstroh, Steven"]
[Black "Schmidt, Arne"]
[Result "0-1"]
[WhiteElo "1184"]
[BlackElo "976"]
[PlyCount "65"]
[EventDate "2014.02.01"]
[EventType "swiss"]
[EventRounds "7"]
[EventCountry "GER"]
[SourceTitle "EXT 2017"]
[Source "ChessBase"]
[SourceDate "2016.10.25"]
[SourceVersion "1"]
[SourceVersionDate "2016.10.25"]
[SourceQuality "1"]

1. e4 e5 2. Nf3 d6 3. Nc3 Nf6 4. Bc4 h6 5. 0-0 Be7 6. d3 Bg4 7. Be3 c6 8. h3 Bh5 9. d4 0-0 10. dxe5 Bxf3 11. Qxf3 dxe5 12. Qg3 Kh8 13. Qxe5 Nbd7 14. Qg3 Bb4 15. e5 Nh5 16. Qg4 Nxe5 17. Qxh5 Nxc4 18. Rad1 Qf6 19. Bd4 Qg6 20. Qxg6 fxg6 21. b3 Nd6 22. Be5 Rad8 23. Rd3 Bxc3 24. Rxc3 Nb5 25. Rg3 g5 26. h4 Rd5 27. Bb2 Nd4 28. Bxd4 Rxd4 29. hxg5 hxg5 30. Rxg5 Rd2 31. Rc5 Re8 32. f3 Ree2 33. g4 0-1